00318nam a2200121Ia 4500008004100000041000800041082001500049100001800064245003900082260003800121300003000159365000700189240624s9999 xx 000 0 und d aeng a658.15 SEE aSEETHAPATHI K aFINANCIAL STRATEGY AN INTRODUCTION c2005aHyderabadbICFAI University aiv, : 220 : p. : cm. ; 22 cRS